Llwytho...

Management information systems /

Manylion Llyfryddiaeth
Prif Awdur: Mahadeo Jaiswal
Awduron Eraill: Monika Mital
Fformat: Printed Book
Cyhoeddwyd: New Delhi : Oxford University Press , 2001.
Pynciau:
LEADER 00520cam a2200157ua 4500
020 |a 0-19-566985-1 
082 1 4 |a 658.4038  |b MAH-M 
100 1 |a Mahadeo Jaiswal . 
245 1 0 |a Management information systems /  
260 |a New Delhi :   |b Oxford University Press ,   |c 2001. 
300 |a 623p ;  
650 0 |a Management information systems 
700 |a Monika Mital 
942 |c BK 
999 |c 35538  |d 35538 
952 |0 0  |1 0  |4 0  |6 658_403800000000000_JAIM  |7 0  |9 45562  |a KU  |b KU  |d 2015-07-05  |l 2  |o 658.4038 JAI-M  |p MB01743  |r 2020-12-24  |s 2019-09-20  |y BK